Great achievers / (Record no. 30212)

MARC details
000 -LEADER
fixed length control field 00918nam a2200241 a 4500
005 - DATE AND TIME OF LATEST TRANSACTION
control field 20090909113539.0
008 - FIXED-LENGTH DATA ELEMENTS--GENERAL INFORMATION
fixed length control field 990210s1999 nyua j 000 1 eng
010 ## - LCCN (DPL NO)
LC control number B-357128
020 ## - INTERNATIONAL STANDARD BOOK NUMBER
Terms of availability 40.00
035 ## - SYSTEM CONTROL NUMBER
System control number B-357128
037 ## - SOURCE OF ACQUISITION
Source of stock number/acquisition DBAD / PUB
040 ## - CATALOGING SOURCE
Original cataloging agency dpl
Language of cataloging English
082 ## - DEWEY DECIMAL CLASSIFICATION NUMBER
Classification number 920
100 ## - MAIN ENTRY--PERSONAL NAME
Personal name Mani, A.G.S.
245 ## - TITLE STATEMENT
Title Great achievers /
Statement of responsibility, etc by A.G.S. Mani; edited by A.V. Subba Rao
260 ## - PUBLICATION, DISTRIBUTION, ETC. (IMPRINT)
Place of publication, distribution, etc Chennai
Name of publisher, distributor, etc Puthaga Ulagam Publishers
Date of publication, distribution, etc 2008
270 ## - ADDRESS
Address 3, Poes Road (East) M.M. Garden,
City Chennai
Postal code 600018
300 ## - PHYSICAL DESCRIPTION
Extent 64p. :
Dimensions 23cm(pbk)
Other physical details ill.
520 ## - SUMMARY, ETC.
Summary, etc A little girl falls down a rabbit hole and discovers a world of nonsensical and amusing characters.
700 ## - ADDED ENTRY--PERSONAL NAME
Personal name Rao, A.V. Subba
942 ## - ADDED ENTRY ELEMENTS (KOHA)
Source of classification or shelving scheme Dewey Decimal Classification
Item type English Books
Classification part 920
Call number suffix MAN
Holdings
Withdrawn status Lost status Source of classification or shelving scheme Damaged status Not for loan Collection code Home library Current library Date acquired Source of acquisition Cost, normal purchase price Total Checkouts Full call number Barcode Date last seen Copy number Cost, replacement price Koha item type
    Dewey Decimal Classification     Non-fiction Janak Puri Janak Puri 09/09/2009 DBAD / PUB 40.00 11 920 MAN B-357128 27/06/2018 1 40.00 Children Books

© Delhi Public Library
Hit Counter
free hit counter